000 01238nam a22002657a 4500
001 1678
005 20230914124129.0
020 _a9780316387439
040 _aDLC
_beng
_cDLC
_erda
_dDLC
050 0 0 _aPZ7.I673
_bIq 2014
082 0 0 _a741.5/973
_223
100 1 _aIrvine, Alexander
_q(Alexander C.)
245 1 0 _aIron Man /
_cadapted by Alex Irvine.
260 _aNew York :
_bLittle, Brown and Company,
_c2014
300 _a247 pages :
_c21 cm
490 0 _aMarvel cinematic universe. Phase one
500 _a"Iron Man. Based on the screenplay by Mark Fergus & Hawk Ostby and Art Marcum & Matt Holloway."
500 _a"Iron Man 2. Based on the screenplay by Justin Theroux."
505 _aM
520 _aTony Stark was once just a billionaire industrialist. But after building himself a lifesaving suit of armor, he became Iron Man. Join the action as this Super Hero fights for the American way against Iron Monger and Whiplash in his ongoing saga as told in Iron Man and Iron Man 2. Re-live all of The Avengers' individual stories before they reassemble in Marvel's Avengers: Age of Ultron.
521 _a730
_bLexile
521 _aM
_bRaz-Plus
906 _a7
_bcbc
_corignew
_d1
_eecip
_f20
_gy-gencatlg
942 _2ddc
_cBK
_n0
999 _c1678
_d1678